| Tag |
First Indicator |
Second Indicator |
Subfields |
| LEADER |
00000cam a2200000 a 4500 |
| 001 |
in00001069561 |
| 005 |
20150929095753.0 |
| 008 |
881012s1988 txuab b s00110 eng d |
| 035 |
|
|
|a (OCoLC)18597958
|
| 035 |
|
|
|9 AFN6536AM
|
| 040 |
|
|
|a UDP
|c UDP
|d IKM
|d UtOrBLW
|
| 049 |
|
|
|a IKMd
|
| 086 |
|
|
|a H2000.7 Sp31 no.30
|2 txdocs
|
| 090 |
|
|
|a E78.T4
|b A7 1988
|
| 099 |
|
9 |
|a H2000.7
|a Sp31
|a no.30
|
| 100 |
1 |
|
|a Simons, Helen,
|d 1939-
|
| 245 |
1 |
0 |
|a Archeological bibliography for the northern Panhandle region of Texas /
|c compiled by Helen Simons.
|
| 264 |
|
1 |
|a Austin :
|b Texas Historical Commission,
|c 1988.
|
| 300 |
|
|
|a xvi, 225 pages :
|b 1 illustration, 1 map ;
|c 28 cm.
|
| 336 |
|
|
|a text
|b txt
|2 rdacontent
|
| 337 |
|
|
|a unmediated
|b n
|2 rdamedia
|
| 338 |
|
|
|a volume
|b nc
|2 rdacarrier
|
| 490 |
1 |
|
|a Office of the State Archeologist special report ;
|v 30
|
| 500 |
|
|
|a Includes indexes.
|
| 651 |
|
0 |
|a Texas Panhandle (Tex.)
|x Antiquities
|x Bibliography.
|
| 650 |
|
0 |
|a Excavations (Archaeology)
|z Texas
|z Texas Panhandle
|x Bibliography.
|
| 710 |
2 |
|
|a Texas Historical Commission.
|
| 830 |
|
0 |
|a Office of the State Archeologist special report ;
|v no. 30.
|
| 999 |
|
|
|a MARS
|
| 999 |
f |
f |
|s e42a0b32-485b-3c47-ad6b-bae773a3acd3
|i fac88cca-12dd-3910-8eaf-52e7ffb5a965
|t 0
|
| 952 |
f |
f |
|p normal
|a Texas A&M University
|b College Station
|c Sterling C. Evans Library
|d Evans: Texas Documents (Annex 5th floor)
|t 0
|e H2000.7 Sp31 no.30
|h Superintendent of Documents classification
|i unmediated -- volume
|m A14816849702
|
| 998 |
f |
f |
|a H2000.7 Sp31 no.30
|t 0
|l Evans: Texas Documents (Annex 5th floor)
|